000 00997nam a2200289 a 4500
001 000114432
003 CHAP
005 20220329144441.0
008 180125s1986 mx |rf |||0|||spa d
010 _a110893
011 _a111865
040 _cCHAP
082 0 4 _a641.3360297
_bM29
245 0 0 _aManual de negociación sobre convenios de productos básicos /
_cpor Grupo de Países Latinoamericanos y del Caribe Exportadores de Azúcar.
260 _aMéxico :
_bGEPLACEA,
_c1986.
300 _a111 p.
490 1 _aColección GEPLACEA. Manuales de mercado
_v2
590 _aE6096MTM
_b05
_c20180125
_lUCH01
_h1459
590 _aE6096MTM
_b05
_c20180129
_lUCH01
_h1103
650 1 4 _aAzúcar
_xAspectos económicos.
_99135
650 1 4 _aProductos agrícolas
_xConvenios.
_9134499
700 0 _aGrupo de Países Latinoamericanos y del Caribe Exportadores de Azúcar.
_950877
830 0 _aColección GEPLACEA. Manuales de mercado
_v2
_9134483
901 _aBK
942 _cLIBRO
942 _n0
999 _c110893
_d110893